| 000 | 00504nam a2200181Ia 4500 | ||
|---|---|---|---|
| 005 | 20250923150225.0 | ||
| 008 | 008 250917s9999 xx 000 0 eng d | ||
| 037 | _aTextual | ||
| 040 |
_aDSWL _beng _cDSWL |
||
| 041 |
_aeng _2eng |
||
| 084 |
_aT, N3 _qDSWL |
||
| 100 |
_aOrnstein, A C _9843584 |
||
| 245 | 0 |
_aFoundation of Education _cby A C Ornstein |
|
| 260 |
_aBoston _bHoughton Miffin _c1993 |
||
| 650 |
_a D U LEVINE _9843585 |
||
| 942 |
_cTEXL _hT, N3 |
||
| 999 |
_c1460993 _d1460993 |
||